Expedició cientifica per la Fenoscandia (Suecia, Noruega, Finlandia i Russia) i regions circumpolars nordiques / (Record no. 62068)

MARC details
000 -LEADER
campo de control de longitud fija 00763nam a2200193 i 4500
001 - NÚMERO DE CONTROL
campo de control 62068
003 - IDENTIFICADOR DE NÚMERO DE CONTROL
campo de control ES-MaACL
005 - FECHA Y HORA DE LA ÚLTIMA TRANSACCIÓN
campo de control 20251105063131.0
007 - CAMPO FIJO DE DESCRIPCIÓN FÍSICA--INFORMACIÓN GENERAL
campo de control de longitud fija t|
008 - DATOS DE LONGITUD FIJA--INFORMACIÓN GENERAL
campo de control de longitud fija 031117s1933 sp ||||1| cat d
100 1# - ENTRADA PRINCIPAL--NOMBRE DE PERSONA
Nombre de persona Faura i Sans, M.,
Fechas asociadas al nombre 1883-1941
9 (RLIN) 48954
245 10 - MENCIÓN DEL TÍTULO
Título Expedició cientifica per la Fenoscandia (Suecia, Noruega, Finlandia i Russia) i regions circumpolars nordiques /
Mención de responsabilidad, etc. per M. Faura i Sans.
260 ## - PUBLICACIÓN, DISTRIBUCIÓN, ETC.
Lugar de publicación, distribución, etc. Barcelona :
Nombre del editor, distribuidor, etc. Institut d'Estudis Catalans,
Fecha de publicación, distribución, etc. 1933.
300 ## - DESCRIPCIÓN FÍSICA
Extensión 144 p., 4 lám. :
Otras características físicas il. ;
Dimensiones 24 cm.
490 1# - MENCIÓN DE SERIE
Mención de serie Societat Catalana de Ciencias Fisiques, Quimiques et Matematiques
830 0# - PUNTO DE ACCESO ADICIONAL DE SERIE-TÍTULO UNIFORME
Título uniforme Societat Catalana de Ciencias Fisiques, Quimiques et Matematiques
9 (RLIN) 230626
852 ## - LOCALIZACIÓN
Ubicación ES-MaACL
Número de control de estantería B-13085
Holdings
Estatus retirado Estado de pérdida Estado de daño No para préstamo Biblioteca de origen Biblioteca actual Ubicación en estantería Fecha de adquisición Fuente de adquisición Total de préstamos Signatura topográfica completa Código de barras Visto por última vez Precio de reemplazo Tipo de ítem Koha
        Biblioteca del Ateneo de Madrid Biblioteca del Ateneo de Madrid Sala Pardo Bazán 17/01/2008     B-13085 1065074 23/02/2023 23/02/2023 Libro impreso